[Event "ch-FRA Blitz Online Qual"]
[Site "Europe-Chess INT"]
[Date "2020.05.16"]
[Round "2"]
[White "Meillon, Judicael"]
[Black "Maisuradze, Nino"]
[Result "1/2-1/2"]
[BlackTitle "WGM"]
[WhiteElo "2063"]
[BlackElo "2214"]
[WhiteFideId "36044288"]
[BlackFideId "13601717"]
[EventDate "2020.05.16"]

1. c4 e5 2. Nc3 Nc6 3. e3 g6 4. Nge2 Bg7 5. d4 d6 6. b3 f5 7. Bb2 Nf6 8. dxe5
Nxe5 9. Nf4 O-O 10. Be2 c6 11. O-O Qe7 12. Qd2 Be6 13. Rad1 Rad8 14. Nxe6 Qxe6
15. h3 a6 16. Rfe1 b5 17. cxb5 axb5 18. Qc2 b4 19. Na4 Rc8 20. Nb6 Rc7 21. Nc4
Nxc4 22. Bxc4 d5 23. Bf1 c5 24. Bxf6 Bxf6 25. Rxd5 Kg7 26. Red1 Rfc8 27. Bc4 Qe7
28. Qd3 Be5 29. Rd7 Rxd7 30. Qxd7 Rc7 31. Qxe7+ Rxe7 32. Rd5 Bc3 33. Rxc5 Ra7
34. g3 h6 35. Kg2 Rxa2 36. Rc7+ Kf6 37. Rc6+ Kg7 38. Ra6 Rb2 39. g4 Be1 40. gxf5
Rxf2+ 41. Kg1 Rxf5 42. Ra7+ Kf6 43. Rf7+ Kg5 44. Rxf5+ Kxf5 45. Bd3+ Kg5 46. Kg2
Bc3 47. Kf3 Kf6 48. Ke4 g5 49. Kd5 h5 50. e4 g4 51. hxg4 hxg4 52. Bf1 g3 53. Bg2
Be5 54. Bh3 Bc3 55. Bg2 Ke7 56. e5 Bd2 57. e6 Be1 58. Bh3 Bc3 59. Ke4 Be1 60.
Kf3 Bf2 61. Ke4 Bc5 62. Kd5 Bf2 63. Kc6 Be1 64. Kc5 Bd2 65. Kc4 Be1 66. Kc5 Bd2
67. Kc4 Be1 68. Kc5 1/2-1/2

[Event "ch-FRA Blitz Online Qual"]
[Site "Europe-Chess INT"]
[Date "2020.05.16"]
[Round "2"]
[White "Vine, Thibaut"]
[Black "Devallee, Jeremie"]
[Result "0-1"]
[BlackTitle "FM"]
[WhiteElo "1837"]
[BlackElo "2230"]
[WhiteFideId "20654227"]
[BlackFideId "665240"]
[EventDate "2020.05.16"]

1. e4 c5 2. Nc3 d6 3. d3 g6 4. g3 Bg7 5. Bg2 Nc6 6. Nf3 e5 7. O-O Nh6 8. h3 O-O
9. Be3 f5 10. Bg5 Qe8 11. Qd2 Nf7 12. Be3 Nd4 13. Nd5 Ne6 14. exf5 gxf5 15. Nh4
Nfd8 16. Bh6 Nc6 17. Bxg7 Kxg7 18. Ne3 Nc7 19. Qc3 f4 20. gxf4 Rxf4 21. Nf3 Nd4
22. Nxd4 exd4 23. Qd2 dxe3 24. Qxe3 Qxe3 25. fxe3 Rxf1+ 26. Rxf1 Be6 27. b3 Rb8
28. Kh2 b6 29. Be4 d5 30. Bg2 Rf8 0-1

[Event "ch-FRA Blitz Online Qual"]
[Site "Europe-Chess INT"]
[Date "2020.05.16"]
[Round "2"]
[White "Ioannidis, Evgenios"]
[Black "Demarche, Laurent"]
[Result "1-0"]
[WhiteTitle "IM"]
[WhiteElo "2401"]
[BlackElo "1835"]
[WhiteFideId "4229274"]
[BlackFideId "609757"]
[EventDate "2020.05.16"]

1. d4 Nf6 2. c4 d6 3. Nf3 Nbd7 4. Nc3 e5 5. g3 Be7 6. Bg2 O-O 7. O-O Re8 8. e4
a5 9. h3 c6 10. Be3 Bf8 11. Qc2 Qc7 12. Rac1 g6 13. Rfd1 b6 14. d5 cxd5 15. Nxd5
Nxd5 16. cxd5 Nc5 17. b3 Qe7 18. a3 Ba6 19. b4 axb4 20. axb4 Nd7 21. Nd2 Rec8
22. Qb3 Be2 23. Re1 Rxc1 24. Rxc1 b5 25. Re1 Bc4 26. Nxc4 bxc4 27. Qxc4 Nb6 28.
Bxb6 1-0

[Event "ch-FRA Blitz Online Qual"]
[Site "Europe-Chess INT"]
[Date "2020.05.16"]
[Round "2"]
[White "Derige Kane, Yan"]
[Black "Zeller, Thomas"]
[Result "1-0"]
[WhiteElo "2236"]
[BlackElo "1792"]
[WhiteFideId "20665431"]
[BlackFideId "26057069"]
[EventDate "2020.05.16"]

1. d4 d5 2. c4 c6 3. Nc3 Nf6 4. Nf3 dxc4 5. a4 Bf5 6. e3 e6 7. Bxc4 Bb4 8. Qe2
Nbd7 9. O-O Bg6 10. e4 Bxc3 11. bxc3 Nxe4 12. Ba3 Nxc3 13. Qb2 Nd5 14. Qxb7 Ne7
15. Bxe7 Kxe7 16. Ne5 Qc8 17. Nxc6+ Kd6 18. Qb4+ Kxc6 19. Bb5+ Kd5 20. Rac1 Qxc1
21. Rxc1 Rhc8 22. Bc4+ Ke4 23. Qb7+ Kf4 24. g3+ Kg5 25. Qxd7 Bd3 26. Qe7+ Kg4
27. Qh4+ Kf3 28. Qf4+ Ke2 29. Qe3# 1-0

[Event "ch-FRA Blitz Online Qual"]
[Site "Europe-Chess INT"]
[Date "2020.05.16"]
[Round "2"]
[White "Afraoui, Anaelle"]
[Black "Mallassagne, Francois-Eric"]
[Result "0-1"]
[WhiteTitle "WFM"]
[WhiteElo "2120"]
[BlackElo "2163"]
[WhiteFideId "20654383"]
[BlackFideId "620025"]
[EventDate "2020.05.16"]

1. e4 e5 2. Nf3 Nf6 3. Nxe5 Nc6 4. Nxc6 dxc6 5. e5 Ne4 6. d3 Bc5 7. Be3 Bxe3 8.
fxe3 Qh4+ 9. g3 Nxg3 10. hxg3 Qxh1 11. Nc3 Bh3 12. Qe2 Qxf1+ 13. Qxf1 Bxf1 14.
Kxf1 O-O 15. Kg2 f6 16. exf6 Rxf6 17. Ne4 Rf7 18. Re1 Re8 19. Re2 h6 20. Re1 g5
21. Rh1 Kg7 22. Re1 b6 23. Re2 c5 24. Nf2 Ref8 25. a4 a5 26. b3 h5 27. e4 g4 28.
Nd1 Rf1 29. Ne3 Rc1 30. Nf5+ Kg6 31. Ne7+ Kg5 32. Nf5 Rd1 33. Rf2 c6 34. Kh2 b5
35. axb5 cxb5 36. c4 Rxd3 37. cxb5 Rxb3 38. Kg2 a4 39. Nd6 Rxf2+ 40. Kxf2 a3 41.
e5 a2 0-1

[Event "ch-FRA Blitz Online Qual"]
[Site "Europe-Chess INT"]
[Date "2020.05.16"]
[Round "2"]
[White "Luminais, Eric"]
[Black "Moracchini, Margaux"]
[Result "1-0"]
[WhiteElo "2161"]
[BlackElo "1933"]
[WhiteFideId "610372"]
[BlackFideId "36018198"]
[EventDate "2020.05.16"]

1. c4 Nf6 2. Nc3 g6 3. g3 Bg7 4. Bg2 O-O 5. d4 d6 6. e3 e5 7. Nge2 Nc6 8. O-O
Bf5 9. a3 a5 10. b3 Qd7 11. Re1 Rfe8 12. Bb2 Rad8 13. Rc1 exd4 14. exd4 Ne4 15.
Nd5 Ne7 16. f3 Ng5 17. Nef4 Nxd5 18. cxd5 Rxe1+ 19. Qxe1 b6 20. g4 Nxf3+ 21.
Bxf3 Bxg4 22. Bxg4 Qxg4+ 23. Qg3 Qf5 24. Rxc7 Bh6 25. Ne2 Re8 26. Qg2 Qb1+ 27.
Bc1 Be3+ 28. Kf1 Bxc1 29. Nxc1 Qf5+ 30. Qf2 Qh3+ 31. Kg1 Qg4+ 32. Kf1 Qd1+ 33.
Kg2 Qg4+ 34. Qg3 Qe4+ 35. Qf3 Qxf3+ 36. Kxf3 Re1 37. Nd3 Ra1 38. Rb7 Rxa3 39.
Rxb6 a4 40. Nc1 axb3 41. Nxb3 Kg7 42. Ke4 Ra2 43. Rxd6 Rxh2 44. Nc5 Rh4+ 45. Ke3
Rh3+ 46. Kf2 h5 47. Rd7 Rh2+ 48. Kg3 Rd2 49. d6 Kf6 50. Ne4+ Ke6 51. Re7+ Kd5
52. Nxd2 Kxd6 53. Rxf7 Kd5 54. Rg7 Kxd4 55. Rxg6 Kd3 56. Nf3 Ke4 57. Rh6 Kf5 58.
Rxh5+ Kg6 59. Rb5 Kf6 60. Kf4 Kg6 61. Nd4 Kf6 62. Rb6+ Kg7 63. Kf5 1-0

[Event "ch-FRA Blitz Online Qual"]
[Site "Europe-Chess INT"]
[Date "2020.05.16"]
[Round "2"]
[White "Prevot, Rodolphe"]
[Black "Koelsch, Gilbert"]
[Result "0-1"]
[BlackTitle "CM"]
[WhiteElo "1871"]
[BlackElo "2159"]
[WhiteFideId "20600755"]
[BlackFideId "612243"]
[EventDate "2020.05.16"]

1. Nf3 Nf6 2. b3 g6 3. Bb2 Bg7 4. g3 O-O 5. Bg2 d6 6. O-O Nbd7 7. d3 e5 8. e4 c6
9. Nbd2 a5 10. a4 h6 11. d4 Ne8 12. dxe5 Nxe5 13. Nxe5 Bxe5 14. Bxe5 dxe5 15.
Nc4 Qe7 16. Qd2 Kg7 17. Nxa5 Nc7 18. Nc4 Re8 19. Qc3 f6 20. Rad1 Ne6 21. Kh1 Nd4
22. f4 Bg4 23. Rd2 b5 24. fxe5 fxe5 25. Nxe5 Qxe5 26. Qxd4 bxa4 27. bxa4 c5 28.
Qxe5+ Rxe5 29. Ra1 c4 30. Rd5 Re7 31. a5 h5 32. h3 Be6 33. Rc5 Rd7 34. a6 Raa7
35. e5 Rd2 36. Rb5 Bc8 37. Rb7+ Bxb7 38. Bxb7 Rxc2 39. Re1 Kf8 40. e6 Ke7 41. g4
h4 42. Rd1 c3 43. Rd7+ Kxe6 0-1

[Event "ch-FRA Blitz Online Qual"]
[Site "Europe-Chess INT"]
[Date "2020.05.16"]
[Round "2"]
[White "Hutois, Mickael"]
[Black "Mallevaey, Guillaume"]
[Result "1-0"]
[WhiteTitle "FM"]
[WhiteElo "2261"]
[BlackElo "1823"]
[WhiteFideId "652091"]
[BlackFideId "26026120"]
[EventDate "2020.05.16"]

1. e4 c6 2. d4 d5 3. exd5 cxd5 4. c4 Nf6 5. Nc3 Nc6 6. Bg5 Be6 7. c5 g6 8. Nf3
Bg7 9. Be2 O-O 10. O-O Ne4 11. Rc1 Bg4 12. Be3 e6 13. a3 Qa5 14. h3 Bxf3 15.
Bxf3 Nxc3 16. Rxc3 Qc7 17. b4 a6 18. Rc1 Rfd8 19. Qd2 e5 20. dxe5 Qxe5 21. Bf4
Qb2 22. Rfd1 Qxa3 23. Rb1 d4 24. Bd6 Qc3 25. Bd5 Qxd2 26. Rxd2 h5 27. b5 axb5
28. Rxb5 Ra1+ 29. Kh2 Be5+ 30. Bxe5 Nxe5 31. Bxb7 Rc1 32. f4 Nc4 33. Rd3 Rd7 34.
c6 Rc7 35. Rxd4 Ne3 36. Kg3 Rc3 37. Kf2 Nf5 38. Rd7 Rc2+ 39. Ke1 Rc1+ 40. Kd2
Rxd7+ 41. cxd7 Rc7 42. d8=Q+ 1-0

[Event "ch-FRA Blitz Online Qual"]
[Site "Europe-Chess INT"]
[Date "2020.05.16"]
[Round "2"]
[White "Jacquot, David"]
[Black "Pigeat, Alexandre"]
[Result "1/2-1/2"]
[BlackTitle "FM"]
[WhiteElo "1830"]
[BlackElo "2293"]
[WhiteFideId "20624093"]
[BlackFideId "20649444"]
[EventDate "2020.05.16"]

1. d4 d5 2. Nf3 Nf6 3. Bg5 a6 4. Nbd2 Nbd7 5. e3 h6 6. Bh4 b5 7. c3 c5 8. Bd3
Bb7 9. O-O e6 10. Ne5 Be7 11. f4 Qb6 12. Qe2 Ng8 13. Nxd7 Kxd7 14. Bg3 Bd6 15.
Qg4 g6 16. Nf3 Ne7 17. Ne5+ Bxe5 18. fxe5 Raf8 19. Rf6 b4 20. Raf1 Ke8 21. Qe2
Ng8 22. R6f2 Ne7 23. Bh4 g5 24. Bg3 Bc8 25. Qh5 Nf5 26. Qe2 Qa7 27. Kh1 h5 28.
e4 Nxg3+ 29. hxg3 cxd4 30. exd5 h4 31. g4 h3 32. d6 Bb7 33. Be4 Qa8 34. Bxb7
Qxb7 35. Qf3 Qxf3 36. Rxf3 hxg2+ 37. Kxg2 Rh4 38. cxd4 Rxg4+ 39. Kf2 Rxd4 40.
Ke3 Rd5 41. Ke4 Rc5 42. a3 bxa3 43. bxa3 Rc4+ 44. Kd3 Rc5 45. Kd4 Rd5+ 46. Ke4
Rc5 47. Rb3 Rb5 48. Rxb5 axb5 49. Rb1 Rh8 50. Rxb5 Rh4+ 51. Kf3 Ra4 52. Rb8+ Kd7
53. Rb7+ Ke8 54. Rb8+ Kd7 55. Rb7+ Kc6 56. Rxf7 Rxa3+ 57. Kg4 Re3 58. d7 Kc7 59.
Kxg5 Rxe5+ 60. Kf6 Rf5+ 61. Kxe6 Rxf7 62. Kxf7 Kxd7 1/2-1/2

[Event "ch-FRA Blitz Online Qual"]
[Site "Europe-Chess INT"]
[Date "2020.05.16"]
[Round "2"]
[White "Zachary, Matheo"]
[Black "Capouilliet, Sylvain"]
[Result "1-0"]
[WhiteTitle "FM"]
[WhiteElo "2334"]
[BlackElo "1821"]
[WhiteFideId "26024691"]
[BlackFideId "660337"]
[EventDate "2020.05.16"]

1. e4 c5 2. Nf3 Nc6 3. Bb5 Nd4 4. Nxd4 cxd4 5. O-O e5 6. d3 Nf6 7. f4 Bd6 8.
fxe5 Bxe5 9. Nd2 O-O 10. Nf3 d6 11. Nxe5 dxe5 12. Bg5 Qb6 13. Bc4 Nd7 14. Be7
Nf6 15. Bxf8 Kxf8 16. Bb3 a5 17. a4 Bg4 18. Rxf6 Qxf6 19. Qxg4 Qh6 20. Rf1 f6
21. Qe6 1-0

[Event "ch-FRA Blitz Online Qual"]
[Site "Europe-Chess INT"]
[Date "2020.05.16"]
[Round "2"]
[White "Geronimi, Jean-Thomas"]
[Black "Ellis, Antoine"]
[Result "0-1"]
[WhiteElo "1827"]
[BlackElo "2066"]
[WhiteFideId "36098515"]
[BlackFideId "36019992"]
[EventDate "2020.05.16"]

1. e4 e5 2. Nf3 Nc6 3. d4 exd4 4. Bc4 Nf6 5. e5 d5 6. Bb5 Ne4 7. Nxd4 Bd7 8.
Bxc6 bxc6 9. O-O Bc5 10. f3 Ng5 11. f4 Ne4 12. Be3 Bb6 13. Nd2 Nxd2 14. Qxd2 c5
15. Nf3 d4 16. Bf2 Bc6 17. Bh4 Qd5 18. f5 c4 19. Kh1 h6 20. e6 fxe6 21. fxe6 O-O
22. Rae1 Rae8 23. e7 Rf5 24. Qe2 g5 25. Bg3 Ba5 26. Qe6+ Kg7 27. Qxd5 Rxd5 28.
Be5+ Kg6 29. Re2 d3 30. cxd3 cxd3 31. Re3 Rxe7 32. h4 g4 33. h5+ Kxh5 34. Nd4
Rdxe5 35. Rxe5+ Rxe5 36. Nxc6 Re1 37. Nxa5 Rxf1+ 38. Kh2 d2 0-1

[Event "ch-FRA Blitz Online Qual"]
[Site "Europe-Chess INT"]
[Date "2020.05.16"]
[Round "2"]
[White "Daurelle, Herve"]
[Black "Schippke, Manon"]
[Result "0-1"]
[WhiteTitle "FM"]
[WhiteElo "2205"]
[BlackElo "1873"]
[WhiteFideId "602655"]
[BlackFideId "45100446"]
[EventDate "2020.05.16"]

1. e4 c5 2. Nf3 d6 3. d4 cxd4 4. Nxd4 Nf6 5. Nc3 Nc6 6. Bg5 e6 7. Qd2 Be7 8.
O-O-O a6 9. f4 Bd7 10. Nf3 b5 11. Bxf6 gxf6 12. f5 b4 13. Ne2 e5 14. Kb1 a5 15.
Ng3 a4 16. Bc4 h5 17. Qd5 Rh7 18. Nxh5 Ra5 19. Nxf6+ Bxf6 20. Qxd6 Be7 21. Qd3
Qc7 22. g4 Rc5 23. Bd5 b3 24. cxb3 Nb4 25. Qe2 Rc2 26. Rd2 Rxd2 27. Qxd2 Nxd5
28. exd5 axb3 29. axb3 e4 30. Nd4 Qc5 31. g5 Qxd5 32. g6 fxg6 33. fxg6 Rg7 34.
Rg1 Bf6 35. Rd1 Qxd4 36. Qxd4 Bxd4 37. Rxd4 Bf5 38. Rd5 Bxg6 39. Re5+ Re7 40.
Kc1 Rxe5 41. Kd2 Rh5 42. Ke3 Rxh2 43. b4 Rxb2 44. b5 Rxb5 45. Kd4 Re5 46. Ke3
Ke7 47. Kf4 e3 48. Kxe5 e2 49. Kf4 e1=Q 50. Kg5 Qf2 51. Kxg6 Qf6+ 52. Kh5 Qg7
53. Kh4 Qg2 54. Kh5 Qg3 55. Kh6 Kf6 56. Kh5 Qg5# 0-1

[Event "ch-FRA Blitz Online Qual"]
[Site "Europe-Chess INT"]
[Date "2020.05.16"]
[Round "2"]
[White "Vine, Guillaume"]
[Black "Daeschler, Florian"]
[Result "0-1"]
[BlackTitle "FM"]
[WhiteElo "1824"]
[BlackElo "2322"]
[WhiteFideId "20654219"]
[BlackFideId "20678193"]
[EventDate "2020.05.16"]

1. Nf3 d5 2. d4 Nf6 3. Bf4 c5 4. e3 Nc6 5. c3 Qb6 6. Qb3 c4 7. Qc2 Bf5 8. Qc1 e6
9. Nbd2 Be7 10. Nh4 O-O 11. Be2 Qd8 12. Nxf5 exf5 13. O-O b5 14. Nf3 a5 15. Ne5
Qb6 16. Bg5 Rfe8 17. Bf3 Ne4 18. Bxe7 Rxe7 19. Nxc6 Qxc6 20. Bxe4 fxe4 21. Qc2
b4 22. Rae1 Rae8 23. Qd2 Qa4 24. Ra1 h5 25. b3 cxb3 26. axb3 Qxb3 27. Rxa5 bxc3
28. Qa2 Qxa2 29. Rxa2 Rb7 30. g3 Rb2 31. Rxb2 cxb2 32. Rb1 Rb8 33. Kf1 h4 34.
gxh4 Kh7 35. Ke2 Kh6 36. f3 exf3+ 37. Kxf3 Kh5 38. Kf4 Kxh4 39. Ke5 Rb5 40. Kd6
f5 41. Kc6 Rb3 42. Kxd5 g5 43. Ke5 Rxe3+ 44. Kxf5 Re2 45. d5 Rxh2 46. d6 Rf2+
47. Ke4 Rd2 48. d7 Rxd7 49. Rxb2 Rf7 50. Rh2+ Kg3 51. Rh8 g4 52. Ke3 Kg2 53. Rg8
g3 54. Ke2 Kh2 55. Rh8+ Kg1 56. Rg8 g2 57. Ke1 Re7+ 58. Kd2 Re5 59. Rg7 Kf2 60.
Rf7+ Kg3 61. Rg7+ Kf3 62. Kd3 Re1 63. Rf7+ Kg3 64. Rg7+ Kh2 65. Rh7+ Kg1 66. Kd2
Re4 67. Kd3 Rf4 68. Ke2 Rf2+ 69. Ke1 Rf6 70. Ke2 Re6+ 71. Kd2 Re5 72. Rh8 Kf2
73. Rf8+ Kg3 74. Rg8+ Kf3 75. Rf8+ Kg4 76. Rg8+ Rg5 0-1

[Event "ch-FRA Blitz Online Qual"]
[Site "Europe-Chess INT"]
[Date "2020.05.16"]
[Round "2"]
[White "Defromont, Benjamin"]
[Black "Rasolo, Loick"]
[Result "0-1"]
[WhiteTitle "FM"]
[WhiteElo "2236"]
[BlackElo "1951"]
[WhiteFideId "36068829"]
[BlackFideId "36004049"]
[EventDate "2020.05.16"]

1. e4 c5 2. Nf3 Nc6 3. d4 cxd4 4. Nxd4 Nf6 5. Nc3 d6 6. Nd5 e6 7. Nxf6+ gxf6 8.
Be3 a6 9. a4 Bd7 10. Be2 Qc7 11. O-O Bg7 12. f4 O-O-O 13. c3 Rhg8 14. b4 Bh6 15.
b5 Nxd4 16. Qxd4 a5 17. Qa7 e5 18. Bb6 Qb8 19. Qxa5 Bxf4 20. Rfd1 Bh3 21. Bf3
Rxg2+ 22. Bxg2 Rg8 23. Ra2 Kd7 24. Qb4 Ke6 25. Qc4+ Ke7 26. Kh1 Bg4 27. Rf1 Rg6
28. Qc7+ Qxc7 0-1

[Event "ch-FRA Blitz Online Qual"]
[Site "Europe-Chess INT"]
[Date "2020.05.16"]
[Round "2"]
[White "Duquesne, Adrien"]
[Black "Sahetchian, Armand"]
[Result "1-0"]
[WhiteElo "2147"]
[BlackElo "2117"]
[WhiteFideId "20650582"]
[BlackFideId "607150"]
[EventDate "2020.05.16"]

1. d4 Nf6 2. c4 c5 3. d5 b5 4. cxb5 a6 5. bxa6 Bxa6 6. Nc3 d6 7. e4 Bxf1 8. Kxf1
g6 9. g3 Bg7 10. Kg2 O-O 11. Nf3 Na6 12. Qe2 Qb8 13. Rd1 Nd7 14. a4 Nb4 15. Ra3
Rc8 16. Nb5 c4 17. Be3 Nc5 18. Nc3 Nbd3 19. Rb1 Qb4 20. Bd4 Nxa4 21. Bxg7 Kxg7
22. Nxa4 Rxa4 23. Rxa4 Qxa4 24. b3 Qb4 25. Qc2 Kg8 26. Nd4 Qc5 27. Nc6 Nb4 28.
Qxc4 Nxc6 29. Qxc5 dxc5 30. dxc6 Rxc6 31. Rc1 Kf8 32. Rc4 Ke8 33. b4 Kd7 34.
bxc5 Ke6 35. f4 f5 36. Kf3 fxe4+ 37. Kxe4 Ra6 38. g4 Ra1 39. c6 Ra8 40. c7 Rc8
41. h4 Kd6 42. f5 Rxc7 43. Rxc7 Kxc7 44. Ke5 Kd7 45. f6 e6 46. g5 1-0

[Event "ch-FRA Blitz Online Qual"]
[Site "Europe-Chess INT"]
[Date "2020.05.16"]
[Round "2"]
[White "Bressy, Theo"]
[Black "Kieffer, Anatole"]
[Result "1-0"]
[WhiteTitle "FM"]
[WhiteElo "2289"]
[BlackElo "2094"]
[WhiteFideId "26022842"]
[BlackFideId "20650027"]
[EventDate "2020.05.16"]

1. Nf3 Nf6 2. g3 g6 3. b4 Bg7 4. Bb2 O-O 5. Bg2 d5 6. O-O Bg4 7. d3 Nbd7 8. Nbd2
Re8 9. h3 Bxf3 10. Nxf3 e5 11. e3 c6 12. Qe2 Qb6 13. a3 a5 14. Bc3 axb4 15. axb4
e4 16. Nd2 exd3 17. cxd3 Qb5 18. Nb3 Ne5 19. Rxa8 Rxa8 20. Bxe5 Ra3 21. Nd4 Qxb4
22. Qc2 Rc3 23. Qd2 Qa3 24. Rd1 Ne4 25. dxe4 Bxe5 26. exd5 cxd5 27. Bxd5 Rc7 28.
Nb5 1-0

[Event "ch-FRA Blitz Online Qual"]
[Site "Europe-Chess INT"]
[Date "2020.05.16"]
[Round "2"]
[White "Larmet, Nino"]
[Black "Nizard, Roger"]
[Result "0-1"]
[WhiteElo "1818"]
[BlackElo "2144"]
[WhiteFideId "45105219"]
[BlackFideId "604569"]
[EventDate "2020.05.16"]

1. e4 c5 2. Nc3 a6 3. g3 b5 4. Bg2 Bb7 5. d3 e6 6. Nh3 Nf6 7. O-O d5 8. Bg5 b4
9. Bxf6 Qxf6 10. Na4 Qd8 11. exd5 Bxd5 12. Bxd5 exd5 13. Re1+ Be7 14. Qe2 Kf8
15. Nf4 Ra7 16. b3 Rd7 17. Nb2 Nc6 18. Qd2 Bf6 19. Rab1 g6 20. Nd1 Kg7 21. Ne3
Bc3 22. Qe2 Bxe1 23. Rxe1 Nd4 24. Qd1 Re8 25. Kg2 Qa8 26. Qd2 Qc6 27. c3 bxc3
28. Qxc3 Kg8 29. Rc1 Rc8 30. Nc2 Ne6 31. Na3 Nxf4+ 32. gxf4 d4+ 0-1

[Event "ch-FRA Blitz Online Qual"]
[Site "Europe-Chess INT"]
[Date "2020.05.16"]
[Round "2"]
[White "Alloui-Cros, Baptiste"]
[Black "Hassler, Tim"]
[Result "1-0"]
[WhiteElo "2139"]
[BlackElo "1933"]
[WhiteFideId "20699824"]
[BlackFideId "36052566"]
[EventDate "2020.05.16"]

1. d4 d5 2. Bf4 Nf6 3. Nc3 e6 4. e3 Bd6 5. Nf3 c5 6. Ne5 Nc6 7. Nb5 Bxe5 8. dxe5
Nh5 9. Nd6+ Ke7 10. Qxh5 Qa5+ 11. c3 Rf8 12. Qg5+ Kd7 13. Qxg7 d4 14. Qxf8 dxc3
15. Qxf7+ Ne7 16. Qe8+ Kc7 17. Qxe7+ Kb8 18. b3 c2+ 19. Ke2 1-0

[Event "ch-FRA Blitz Online Qual"]
[Site "Europe-Chess INT"]
[Date "2020.05.16"]
[Round "2"]
[White "Iglesias, Christophe"]
[Black "Msellek, Ilyass"]
[Result "0-1"]
[BlackTitle "FM"]
[WhiteElo "1815"]
[BlackElo "2316"]
[WhiteFideId "551007584"]
[BlackFideId "675938"]
[EventDate "2020.05.16"]

1. e4 c5 2. Ne2 e6 3. Nbc3 Nc6 4. g3 a6 5. Bg2 b5 6. d4 cxd4 7. Nxd4 Bb7 8. O-O
Be7 9. Nxc6 Bxc6 10. Qd4 Nf6 11. Bg5 h6 12. Bxf6 Bxf6 13. e5 Be7 14. Bxc6 dxc6
15. Rfd1 Qxd4 16. Rxd4 Rd8 17. Rxd8+ Kxd8 18. a4 b4 19. Ne4 f5 20. exf6 gxf6 21.
f4 Kc7 22. Kf2 Rd8 23. Ke2 h5 24. Rd1 Rh8 25. Kf3 c5 26. Nf2 Kc6 27. b3 c4 28.
bxc4 Kc5 29. Re1 Kd6 30. Nd3 a5 31. c5+ Kd5 32. f5 e5 33. Nf2 Bxc5 34. Ne4 Bd4
35. Rd1 Rf8 36. h3 Kc4 37. Ke2 Rg8 38. Rd3 Rf8 39. Kf3 Kd5 40. g4 hxg4+ 41. hxg4
Kc4 42. Rb3 Rh8 43. Kg2 Rh4 44. Rg3 Rh6 45. Rb3 Kd5 46. Rg3 Kxe4 0-1

[Event "ch-FRA Blitz Online Qual"]
[Site "Europe-Chess INT"]
[Date "2020.05.16"]
[Round "2"]
[White "Samoun, Florent"]
[Black "Revel, Adrien"]
[Result "1-0"]
[WhiteTitle "FM"]
[WhiteElo "2299"]
[BlackElo "1859"]
[WhiteFideId "664995"]
[BlackFideId "624179"]
[EventDate "2020.05.16"]

1. c4 e5 2. Nc3 Nf6 3. g3 Nc6 4. Bg2 Bb4 5. Nf3 O-O 6. Nd5 Bc5 7. O-O Re8 8. a3
a5 9. d3 h6 10. b3 d6 11. Bb2 Be6 12. Nxf6+ Qxf6 13. e3 Bg4 14. h3 Bxf3 15. Qxf3
Qxf3 16. Bxf3 Rab8 17. Rad1 Bb6 18. Bc3 f5 19. b4 axb4 20. axb4 Ra8 21. Ra1 Kf7
22. Rfd1 g5 23. Bh5+ Ke7 24. Bxe8 Rxe8 25. b5 Nd8 26. Ra8 Ne6 27. Rxe8+ Kxe8 28.
Ra1 Kf7 29. Kf1 f4 30. gxf4 gxf4 31. Ke2 Ng5 32. h4 f3+ 33. Kd2 Nh3 34. Rf1 Kg6
35. d4 exd4 36. exd4 Kh5 37. Ke3 Kg4 38. Ra1 Nf4 39. Ra8 Ng2+ 40. Ke4 Nxh4 41.
Rg8+ Kh3 42. Rh8 Kg2 43. Rxh6 Kxf2 44. Rxh4 Kg2 45. Rg4+ Kf2 46. Rf4 1-0

[Event "ch-FRA Blitz Online Qual"]
[Site "Europe-Chess INT"]
[Date "2020.05.16"]
[Round "2"]
[White "Rebut, Paul"]
[Black "Lucas, Arthur"]
[Result "0-1"]
[BlackTitle "FM"]
[WhiteElo "1966"]
[BlackElo "2283"]
[WhiteFideId "45111057"]
[BlackFideId "26093073"]
[EventDate "2020.05.16"]

1. d4 g6 2. e4 Bg7 3. Nc3 d6 4. Be3 a6 5. Qd2 b5 6. a3 Bb7 7. f3 Nd7 8. Nge2 Nb6
9. Ng3 h5 10. h4 Nf6 11. Be2 Rc8 12. f4 Ng4 13. Bxg4 hxg4 14. Qe2 Nc4 15. O-O-O
Nxe3 16. Qxe3 c5 17. dxc5 Rxc5 18. Qxc5 dxc5 19. Rxd8+ Kxd8 20. Kd2 Kc7 21. h5
gxh5 22. Rxh5 Rxh5 23. Nxh5 Bxc3+ 24. Kxc3 Bxe4 25. g3 Kd7 26. Kd2 f5 27. c3 Ke6
28. Ke3 Kf7 0-1

[Event "ch-FRA Blitz Online Qual"]
[Site "Europe-Chess INT"]
[Date "2020.05.16"]
[Round "2"]
[White "Chabradze, Boris"]
[Black "Ratsavong, Moukda"]
[Result "1-0"]
[WhiteElo "2101"]
[BlackElo "1789"]
[WhiteFideId "13603019"]
[BlackFideId "632872"]
[EventDate "2020.05.16"]

1. e4 c5 2. Nf3 Nc6 3. d4 cxd4 4. Nxd4 Nf6 5. Nc3 e6 6. Ndb5 Bb4 7. a3 Bxc3+ 8.
Nxc3 d5 9. exd5 exd5 10. Bd3 O-O 11. O-O h6 12. Ne2 Bg4 13. h3 Bxe2 14. Qxe2 Re8
15. Qf3 Ne5 16. Qf5 Nxd3 17. Qxd3 Qd7 18. Bf4 Rac8 19. c3 Qc6 20. Rad1 Red8 21.
Be5 Rd7 22. Qf5 Nh7 23. Rfe1 Re8 24. Bd4 Re6 25. Bxa7 b6 26. Bb8 Ng5 27. Be5
Rde7 28. f4 f6 29. fxg5 fxe5 30. gxh6 Rf6 31. Qg5 Ref7 32. hxg7 Rg6 33. Qxe5 d4
34. Qe8+ Kxg7 35. Qxc6 Rxc6 36. Rxd4 Rcf6 37. Re2 Rf1+ 38. Kh2 R1f2 39. Rdd2
R2f5 40. a4 Ra7 41. b3 b5 42. axb5 Rxb5 43. Rb2 Rc7 44. c4 Rb4 45. Rec2 Rcb7 46.
c5 Kf7 47. c6 Rc7 48. g4 Ke6 49. Kg3 Kd6 50. h4 Re4 51. Rd2+ Kxc6 52. Rdc2+ Kb7
53. Rxc7+ Kxc7 54. h5 Kd6 55. b4 Re3+ 56. Kf4 Re1 57. b5 Kc7 58. b6+ Kb7 59. Kg5
Re5+ 60. Kf6 Re4 61. g5 1-0

[Event "ch-FRA Blitz Online Qual"]
[Site "Europe-Chess INT"]
[Date "2020.05.16"]
[Round "2"]
[White "Villeneuve, Samuel"]
[Black "Cahen, Alexis"]
[Result "0-1"]
[WhiteElo "1807"]
[BlackElo "2122"]
[WhiteFideId "20642105"]
[BlackFideId "26076918"]
[EventDate "2020.05.16"]

1. d4 Nf6 2. Nc3 d5 3. Bf4 Bf5 4. f3 e6 5. g4 Bg6 6. h4 h5 7. g5 Nfd7 8. e4 Bb4
9. Bd3 c5 10. dxc5 d4 11. a3 Ba5 12. b4 dxc3 13. bxa5 Qxa5 14. Ne2 Nxc5 15. O-O
Nc6 16. Rb1 O-O 17. Bd6 Rfd8 18. Rb5 Rxd6 19. Rxa5 Nxa5 20. Nxc3 Rad8 21. Nb5
Rb6 22. Nc3 Nc4 23. Qe2 Ne5 24. Rd1 Rb2 25. Qe3 b6 26. f4 Ng4 27. Qc1 Nxd3 28.
Rxd3 Rxd3 29. cxd3 Rf2 30. Nb5 Rf3 31. Qc8+ Kh7 32. Nxa7 Rxd3 33. f5 exf5 34.
exf5 Rd1+ 35. Kg2 Ne3+ 36. Kf3 Nxf5 37. Qb7 Nxh4+ 38. Kg3 Nf5+ 39. Kf2 h4 40.
Qxb6 Rd2+ 41. Ke1 Rg2 42. Nb5 h3 43. Qb7 Rxg5 44. a4 h2 45. Kd2 Rg1 0-1